Itineraris : Tona : municipi Tona :
Descripción Física:
[6] p. : il. col., fot. ; 21 cm
MARC
| LEADER | 00000nam a2200000Ia 4500 | ||
|---|---|---|---|
| 001 | 18400 | ||
| 008 | 160829s9999 xx 000 0 cat d | ||
| 080 | |a FU-1-53 | ||
| 245 | |a Itineraris : |b Tona : |b municipi | ||
| 260 | |a [Barcelona] : |b Diputació de Barcelona, Servei d'Esports i Turisme, [19-- ?] | ||
| 300 | |a [6] p. : |b il. col., fot. ; |c 21 cm | ||
| 590 | |a A la portada: Ajuntament de Tona ; Turisme Total. | ||
| 590 | |a Inclou mapa de la zona | ||
| 650 | |a Tona |x Guies |9 38873 | ||
| 650 | |a Tona |x Circuits turístics |9 38874 | ||
| 710 | 2 | |a Barcelona (Catalunya : Província). |b Servei d'Esports i Turisme |9 54307 | |
| 710 | 1 | |a Tona (Catalunya). |b Ajuntament |9 54638 | |
| 901 | |a Arxiu | ||
| 942 | |n 1 | ||
| 952 | |0 0 |1 0 |4 0 |6 FU153 |7 1 |9 48659 |a Arxiu |b Arxiu |d 2016-12-01 |l 0 |o FU-1-53 |p 18400 |r 2016-12-01 00:00:00 |w 2016-12-01 |y ARXIU | ||
| 999 | |c 52489 |d 52489 | ||